000 00417nam a2200157 4500
001 16017
010 _a972883506X
090 _a16017
100 _a20060424d2004 km y0pory5003 ba
200 1 _aMadre Teresa
_eamor sem limites
_fMorihiro Oki
210 _a[S.l.]
_cLucerna,
_d2004
215 _a128 p.
_cil.
_d27 cm
675 _a929 Teresa de Calcutà
_v2med
_zfre
700 1 _aOki,
_bMorihiro
801 0 _aPT
_bUCJPII
_gRPC
990 _cLIVROS